000 00491nam a2200121Ia 4500
008 220615s9999||||xx |||||||||||||| ||und||
100 _aFarrukh Jamal
245 0 _aGenetic Engineering - An Insight into the Strategies and Applications
546 _aEnglish[eng]
650 _aLife Sciences||Biotechnology||Genetic Engineering||Agricultural and Biological Sciences
856 _uhttps://www.intechopen.com/books/genetic-engineering-an-insight-into-the-strategies-and-applications
942 _cEB
999 _c8208
_d8208